000 00330cam a2200133ua 4500
020 _a9789380179018
082 _a627.02
_bJHO/PR
100 _aJhonson, Charlotte.
_91400
245 _aPrinciples of Water Management in Agriculture
250 _a1.st
260 _aJaipur:
_bOxford ,
_c2009
300 _a283.
942 _cBK
999 _c13612
_d13612